[Event "Olimpiade 2014 - Open"]
[Site "Tromsø"]
[Date "12.08.2014"]
[Round "10.30"]
[Board "4"]
[White "Bouaziz, Mehdi"]
[Black "Ebeling, Daniel"]
[Result "1/2-1/2"]
[WhiteTitle "CM"]
[BlackTitle "FM"]
[WhiteElo "2246"]
[BlackElo "2445"]
[WhiteTeam "Tunisia"]
[BlackTeam "Finland"]
[WhiteFideId "5500311"]
[BlackFideId "505170"]
[EventDate "2014.08.02"]

1. d4 d5 2. Nf3 Nf6 3. Bf4 c5 4. e3 Nc6 5. dxc5 Bg4 6. Bb5 e6 7. b4 Be7 8. c3
O-O 9. Bxc6 bxc6 10. Nbd2 a5 11. a3 Nd7 12. Qb3 axb4 13. cxb4 Bf6 14. Ra2 e5 15.
Bg3 Be6 16. O-O g5 17. h3 h5 18. Rd1 g4 19. hxg4 hxg4 20. Nh2 Bg7 21. f4 e4 22.
Qc2 d4 23. Nxe4 Bxa2 24. Qxa2 Qe7 25. Nd6 Qxe3+ 26. Bf2 Rxa3 27. Bxe3 Rxa2 28.
Bxd4 Bxd4+ 29. Rxd4 Nf6 30. Nf5 Re8 31. Nh6+ Kg7 32. N2xg4 Ra1+ 33. Kh2 Rh8 34.
Kg3 Rxh6 35. Nxh6 Kxh6 36. Rd6 Kg7 37. Rxc6 Rb1 38. Rb6 Rb3+ 39. Kh4 Nd5 40. Rb7
Nxf4 41. g3 Ng6+ 42. Kg4 Rc3 43. Kf5 Rxg3 44. c6 Re3 45. b5 Re5+ 46. Kg4 Kf6 47.
b6 Rg5+ 48. Kh3 Nf4+ 49. Kh4 Ng6+ 50. Kh3 Nf4+ 51. Kh4 Ng6+ 1/2-1/2

[Event "Olimpiade 2014 - Open"]
[Site "Tromsø"]
[Date "12.08.2014"]
[Round "10.31"]
[Board "1"]
[White "Arias, Lemnys A."]
[Black "Rahman, Ziaur"]
[Result "1/2-1/2"]
[WhiteTitle "IM"]
[BlackTitle "GM"]
[WhiteElo "2329"]
[BlackElo "2523"]
[WhiteTeam "El Salvador"]
[BlackTeam "Bangladesh"]
[WhiteFideId "6700284"]
[BlackFideId "10200037"]
[EventDate "2014.08.02"]

1. e4 g6 2. d4 Bg7 3. Nc3 c6 4. f4 d5 5. e5 Nh6 6. Nf3 Bg4 7. Be3 f6 8. Be2 Nd7
9. h3 Bxf3 10. Bxf3 e6 11. exf6 Qxf6 12. g4 Nf7 13. Qe2 Nd6 14. O-O-O Nc4 15.
Kb1 Nxe3 16. Qxe3 O-O 17. Rhf1 Nb6 18. Be2 Rae8 19. g5 Qe7 20. h4 Nc8 21. h5 Nd6
22. hxg6 hxg6 23. Bd3 Nf5 24. Qh3 Kf7 25. Ne2 Rh8 26. Qf3 Rh4 27. Rh1 Reh8 28.
Rxh4 Nxh4 29. Qg4 Nf5 30. Qf3 Qd8 31. c3 Rh2 32. Rh1 Qh8 33. Rxh2 Qxh2 34. Bxf5
exf5 35. Nc1 Qh5 36. Qf1 Qh8 37. Nd3 Qe8 38. Qe1 Qe4 39. Kc2 Bf8 40. Kd2 Bd6 41.
Ne5+ Bxe5 42. Qxe4 fxe4 43. dxe5 Ke6 44. Ke3 Kf5 45. b4 b6 46. a3 Ke6 1/2-1/2

[Event "Olimpiade 2014 - Open"]
[Site "Tromsø"]
[Date "12.08.2014"]
[Round "10.31"]
[Board "2"]
[White "Abdulla, Al-Rakib"]
[Black "Arias, Daniel"]
[Result "1-0"]
[WhiteTitle "GM"]
[BlackTitle "FM"]
[WhiteElo "2522"]
[BlackElo "2126"]
[WhiteTeam "Bangladesh"]
[BlackTeam "El Salvador"]
[WhiteFideId "10200444"]
[BlackFideId "6700640"]
[EventDate "2014.08.02"]

1. d4 Nf6 2. Nf3 g6 3. Bg5 Bg7 4. Nbd2 c5 5. Bxf6 Bxf6 6. Ne4 Bxd4 7. Nxd4 cxd4
8. Qxd4 O-O 9. Nc3 Nc6 10. Qd2 Qb6 11. h4 Qxb2 12. Rb1 Qa3 13. h5 Qc5 14. Rh4
Qe5 15. g3 b6 16. Bg2 Bb7 17. f4 Qg7 18. Kf2 g5 19. fxg5 Rac8 20. Nd5 Rfe8 21.
h6 Qg6 22. Be4 Qe6 23. Ne3 Na5 24. Qd4 f6 25. Bf5 Qf7 26. gxf6 exf6 27. Rg4+ Kh8
28. Rg7 Nc6 29. Rxh7+ Qxh7 30. Qxf6+ 1-0

[Event "Olimpiade 2014 - Open"]
[Site "Tromsø"]
[Date "12.08.2014"]
[Round "10.31"]
[Board "3"]
[White "Burgos Figueroa, Carlos E."]
[Black "Hossain, Enamul"]
[Result "0-1"]
[WhiteTitle "IM"]
[BlackTitle "GM"]
[WhiteElo "2258"]
[BlackElo "2421"]
[WhiteTeam "El Salvador"]
[BlackTeam "Bangladesh"]
[WhiteFideId "6700187"]
[BlackFideId "10200649"]
[EventDate "2014.08.02"]

1. e4 c5 2. Nf3 e6 3. d3 Nc6 4. Nbd2 d5 5. g3 Nf6 6. Bg2 g6 7. O-O Bg7 8. Nh4 e5
9. exd5 Nxd5 10. Nb3 Qd6 11. f4 exf4 12. Qf3 Be6 13. gxf4 Nde7 14. Be3 b6 15. f5
Bd5 16. Qf2 Bxg2 17. Qxg2 Bf6 18. Bg5 h6 19. Bxf6 Qxf6 20. Qh3 g5 21. Ng2 h5 22.
Rae1 O-O-O 23. Qf3 Nd5 24. Ne3 Nxe3 25. Rxe3 g4 26. Qg2 Rhe8 27. Rfe1 Rxe3 28.
Rxe3 Kc7 29. Qg3+ Kb7 30. c3 Qxf5 31. Nd2 Qg5 32. Ne4 Qh6 33. h4 gxh3 34. Qxh3
Ne5 35. Nf2 f6 36. Kf1 Qf4 37. Ke2 Ng4 38. Re7+ Kb8 39. Nxg4 hxg4 40. Qh7 Qf3+
41. Kd2 f5 42. Rd7 Qf4+ 43. Kc2 Qa4+ 0-1

[Event "Olimpiade 2014 - Open"]
[Site "Tromsø"]
[Date "12.08.2014"]
[Round "10.31"]
[Board "4"]
[White "Minhazuddin, Ahmed"]
[Black "Chavez, Ricardo Ernesto"]
[Result "1-0"]
[WhiteTitle "IM"]
[BlackTitle "FM"]
[WhiteElo "2418"]
[BlackElo "2165"]
[WhiteTeam "Bangladesh"]
[BlackTeam "El Salvador"]
[WhiteFideId "10201955"]
[BlackFideId "6700098"]
[EventDate "2014.08.02"]

1. e4 d6 2. d4 g6 3. Nf3 Bg7 4. Nc3 a6 5. a4 e6 6. Bg5 Ne7 7. Qd2 h6 8. Bf4 Nd7
9. h3 b6 10. Bc4 Bb7 11. O-O Nf6 12. Rfe1 g5 13. Bg3 Ng6 14. e5 Nh5 15. d5 Nxg3
16. fxg3 Nxe5 17. Nxe5 dxe5 18. Rad1 exd5 19. Nxd5 Qd6 20. Qf2 O-O 21. Ne3 Qc5
22. Rd7 Kh8 23. Rxf7 Rxf7 24. Qxf7 Rf8 25. Qe6 Qd4 26. c3 Qe4 27. Kh2 Qc6 28.
Qxc6 Bxc6 29. Bxa6 Bxa4 30. Bb7 Bb3 31. Be4 Be6 32. Ra1 Bf6 33. Ra7 Bd8 34. g4
Kg7 35. Kg3 Re8 36. Bc6 Rf8 37. Bd5 Bc8 38. Be4 Be6 39. Bf5 Bf7 40. c4 Kf6 41.
Kf3 Ke7 42. b4 Kd6 43. Ra1 Be8 44. Rd1+ Ke7 45. Nd5+ Kf7 46. b5 Kg7 47. Nxb6
Bxb5 48. cxb5 cxb6 49. Rd7+ Kg8 50. Ke4 Re8 51. Bh7+ Kh8 52. Bg6 Rf8 53. Bf5 Kg8
54. Kd5 Bf6 55. Be6+ Kh8 56. Rb7 Bd8 57. Bf5 Kg8 58. Be6+ Kh8 59. Kxe5 Bf6+ 60.
Ke4 Bd8 61. Rd7 Rf4+ 62. Ke3 Bf6 63. Bf5 Kg8 64. Rd6 Bg7 65. Kd3 Rf2 66. Rxb6
Rxg2 67. Be6+ Kf8 68. Bd5 Rg3+ 69. Ke4 Rxh3 70. Rb7 Bc3 71. b6 Ba5 72. Rf7+ Ke8
73. b7 1-0

[Event "Olimpiade 2014 - Open"]
[Site "Tromsø"]
[Date "12.08.2014"]
[Round "10.32"]
[Board "1"]
[White "Tologontegin, Semetey"]
[Black "Mandizha, Farai"]
[Result "1-0"]
[WhiteTitle "FM"]
[BlackTitle "IM"]
[WhiteElo "2354"]
[BlackElo "2388"]
[WhiteTeam "Kyrgyzstan"]
[BlackTeam "Zimbabwe"]
[WhiteFideId "13800574"]
[BlackFideId "11000430"]
[EventDate "2014.08.02"]

1. d4 Nf6 2. Nf3 d5 3. Bf4 Nh5 4. Be3 c6 5. g3 Bf5 6. Nbd2 h6 7. Bg2 Qb6 8. Qc1
Nd7 9. O-O e6 10. c4 Be7 11. h3 Nhf6 12. Re1 a5 13. a3 a4 14. Bf4 O-O 15. g4 Bh7
16. c5 Qa7 17. Ne5 Nxe5 18. Bxe5 Nd7 19. Bg3 Bf6 20. Nf3 Be4 21. Bd6 Bxf3 22.
Bxf3 Bxd4 23. e3 Bxc5 24. Bxf8 Bxf8 25. h4 Be7 26. h5 Bf6 27. Qc2 Nc5 28. Kg2
Qb6 29. Rab1 Nb3 30. Qd3 c5 31. e4 c4 32. Qc2 Qc5 33. exd5 Nd4 34. Qe4 Nxf3 35.
Qxf3 exd5 36. Re2 Qb5 37. Qf5 c3 38. Rc2 Rd8 39. f4 Re8 40. Rf2 cxb2 41. g5 Bd4
42. g6 fxg6 43. hxg6 Rf8 44. Qe6+ Kh8 45. Rc2 Qd3 46. Rc8 Qd2+ 47. Kh1 Qxf4 48.
Rxf8+ Qxf8 49. Qxd5 Qf6 50. Qf7 Qc6+ 51. Kh2 Be5+ 52. Kh3 Qc8+ 53. Kg2 b5 54.
Re1 Qg4+ 55. Kf1 Qc8 56. Kg2 Qg4+ 57. Kf1 Qc8 58. Kg2 Qa8+ 59. Kh3 Qc8+ 60. Kg2
Qc2+ 61. Kf3 Qc3+ 62. Kg4 Qg3+ 63. Kf5 Qg5+ 64. Ke6 Qd8 65. Kxe5 b4 66. axb4 a3
67. Rf1 Qb8+ 68. Ke6 Qb6+ 69. Kd7 Qb7+ 70. Ke8 Qb8+ 71. Kd7 Qb7+ 72. Ke6 Qb6+
73. Ke5 Qb5+ 74. Qd5 Qxd5+ 75. Kxd5 Kg8 76. Ke6 1-0

[Event "Olimpiade 2014 - Open"]
[Site "Tromsø"]
[Date "12.08.2014"]
[Round "10.32"]
[Board "2"]
[White "Makoto, Rodwell"]
[Black "Abdyjapar, Asyl"]
[Result "0-1"]
[WhiteTitle "IM"]
[BlackTitle "IM"]
[WhiteElo "2279"]
[BlackElo "2368"]
[WhiteTeam "Zimbabwe"]
[BlackTeam "Kyrgyzstan"]
[WhiteFideId "11000120"]
[BlackFideId "13800337"]
[EventDate "2014.08.02"]

1. Nf3 Nf6 2. c4 g6 3. b4 Bg7 4. Bb2 O-O 5. g3 d5 6. cxd5 Qxd5 7. Bg2 Qh5 8. h3
a5 9. Be5 Qf5 10. b5 Nbd7 11. g4 Qe6 12. Bd4 Nb6 13. Nc3 Rd8 14. Qc2 h5 15. g5
Nfd5 16. Bxg7 Kxg7 17. Qe4 Nxc3 18. Qxe6 Bxe6 19. dxc3 Na4 20. c4 Bxc4 21. Rc1
Bxb5 22. Rxc7 Rac8 23. Rxc8 Rxc8 24. Nd4 Ba6 25. Kd2 Rd8 26. Ke3 Nc3 27. Rc1
Rxd4 28. Rxc3 Rb4 29. Rc2 e6 30. Be4 Ra4 31. Rb2 Ra3+ 32. Bd3 Bxd3 33. exd3 b5
34. Rxb5 Rxa2 35. Rb8 Ra1 36. Ra8 a4 37. Kf3 a3 38. Kf4 a2 39. d4 f5 40. gxf6+
Kxf6 41. h4 Ke7 42. Ra7+ Kd6 43. Ra5 Kc6 44. Kf3 Kb6 45. Ra8 Kb5 46. Ra7 Kc4 47.
Ra8 Kxd4 48. Rd8+ Ke5 49. Ra8 Rh1 50. Rxa2 Rxh4 51. Ra5+ Kf6 52. Ra6 Rb4 53. Rc6
Rb3+ 54. Kg2 g5 55. Rc8 e5 56. Rf8+ Kg6 57. Re8 Kf5 58. Rh8 Kg4 59. Re8 Rb5 60.
Re7 h4 61. Re8 h3+ 62. Kh2 Rb2 63. Kg1 Rb1+ 64. Kh2 Rf1 0-1

[Event "Olimpiade 2014 - Open"]
[Site "Tromsø"]
[Date "12.08.2014"]
[Round "10.32"]
[Board "3"]
[White "Takyrbashev, B."]
[Black "Masango, Spencer"]
[Result "1-0"]
[WhiteElo "2229"]
[BlackElo "2155"]
[WhiteTeam "Kyrgyzstan"]
[BlackTeam "Zimbabwe"]
[WhiteFideId "13800272"]
[BlackFideId "14300753"]
[EventDate "2014.08.02"]

1. d4 Nf6 2. c4 e6 3. Nc3 d5 4. Bg5 Be7 5. e3 O-O 6. Nf3 Nbd7 7. Rc1 c6 8. Bd3
Re8 9. O-O Bd6 10. Qc2 h6 11. Bh4 dxc4 12. Bxc4 Qa5 13. Rfd1 Qh5 14. Ne2 Nh7 15.
Ng3 Bxg3 16. Bxg3 Nhf8 17. e4 Qa5 18. Bd3 Ng6 19. d5 exd5 20. exd5 Ndf8 21. dxc6
bxc6 22. Qxc6 Bg4 23. a3 Bxf3 24. Qxf3 Ne5 25. Bxe5 Qxe5 26. b4 Rad8 27. g3 Ne6
28. Qf5 Qxf5 29. Bxf5 Nd4 30. Bd3 Re7 31. Kg2 g6 32. Bb5 Rd6 33. Bf1 Kg7 34. Rc4
Red7 35. Kh1 g5 36. g4 Kf6 37. Rc5 Re7 38. Kg2 Re4 39. h3 Kg7 40. Rc7 Rf6 41.
Rc4 Rd6 42. a4 Rf4 43. b5 h5 44. gxh5 Kh6 45. Rb4 Ne6 46. Rxd6 Rxb4 47. Ra6 Kxh5
48. Rxa7 Nf4+ 49. Kg3 Rb3+ 50. f3 Kg6 51. Kf2 Rb2+ 52. Ke3 Rb3+ 53. Kd4 Ne6+ 54.
Kc4 Rxf3 55. Bd3+ Kf6 56. b6 Rf4+ 57. Kc3 Nc5 58. Bc4 Ke5 59. b7 Rf3+ 60. Kb4
Nxb7 61. Rxb7 Rxh3 62. Rxf7 Rh1 63. a5 Rb1+ 64. Kc5 g4 65. a6 g3 66. Rg7 Rb8 67.
Rxg3 1-0

[Event "Olimpiade 2014 - Open"]
[Site "Tromsø"]
[Date "12.08.2014"]
[Round "10.33"]
[Board "1"]
[White "Sadorra, Julio Catalino"]
[Black "Zambrana, Oswaldo"]
[Result "1-0"]
[WhiteTitle "GM"]
[BlackTitle "GM"]
[WhiteElo "2590"]
[BlackElo "2472"]
[WhiteTeam "Philippines"]
[BlackTeam "Bolivia"]
[WhiteFideId "5201268"]
[BlackFideId "3300200"]
[EventDate "2014.08.02"]

1. d4 Nf6 2. c4 e6 3. Nc3 c5 4. d5 exd5 5. cxd5 d6 6. e4 g6 7. f4 Bg7 8. Bb5+
Nfd7 9. Nf3 O-O 10. O-O a6 11. Bd3 b5 12. Kh1 Re8 13. a3 Ra7 14. Be3 Rb7 15. Qd2
b4 16. axb4 Rxb4 17. f5 Ne5 18. Bg5 Qb6 19. Nxe5 Rxe5 20. Qf2 Qc7 21. Bf4 Re8
22. fxg6 hxg6 23. Bxd6 Qb7 24. Bxb8 Rxb2 25. Qf3 Bxc3 26. e5 Bd4 27. Bxa6 Qd7
28. Bxc8 Rxc8 29. e6 fxe6 30. Ra7 Rf2 31. Rxf2 1-0

[Event "Olimpiade 2014 - Open"]
[Site "Tromsø"]
[Date "12.08.2014"]
[Round "10.33"]
[Board "2"]
[White "Gemy, Jose Daniel"]
[Black "Gomez, John Paul"]
[Result "0-1"]
[WhiteTitle "IM"]
[BlackTitle "GM"]
[WhiteElo "2332"]
[BlackElo "2526"]
[WhiteTeam "Bolivia"]
[BlackTeam "Philippines"]
[WhiteFideId "3301478"]
[BlackFideId "5201381"]
[EventDate "2014.08.02"]

1. d4 d5 2. Nf3 Nf6 3. Bf4 c5 4. e3 cxd4 5. exd4 Nc6 6. c3 Bg4 7. Qb3 Na5 8.
Qa4+ Bd7 9. Bb5 a6 10. Bxd7+ Nxd7 11. Nbd2 e6 12. O-O Be7 13. Rfe1 O-O 14. h3
Rc8 15. Qd1 b5 16. Qe2 Qb6 17. h4 b4 18. cxb4 Bxb4 19. Rec1 Nc6 20. Qd3 Be7 21.
Nf1 a5 22. a4 Bf6 23. Be3 Nb4 24. Qb5 Rxc1 25. Rxc1 Qxb5 26. axb5 Rb8 27. Bf4
Nd3 28. Bxb8 Nxc1 29. Ba7 a4 30. Ne3 Nd3 31. Kf1 Be7 32. Ke2 Nxb2 33. Ne5 Nxe5
34. dxe5 a3 35. Bd4 Na4 36. Nc2 a2 37. b6 Nc5 38. Nb4 a1=Q 39. Bxa1 Bd8 40. Bd4
Bxb6 41. f4 Na6 42. Bxb6 Nxb4 43. g4 h5 44. gxh5 Kh7 45. Kf3 Kh6 46. Kg4 Nc6 47.
Be3 Kh7 48. h6 Kxh6 49. f5+ Kh7 50. Bf4 Na5 51. h5 Nc4 52. fxe6 fxe6 53. Kf3 g6
54. h6 g5 55. Bxg5 Nxe5+ 56. Kf4 Nf7 57. Bf6 Kxh6 58. Bb2 Kg6 59. Bc3 Nh6 60.
Ke5 Kf7 61. Kd6 Nf5+ 62. Ke5 Ke7 63. Bb4+ Kd7 64. Bc5 Ne7 65. Ba3 Nc6+ 66. Kf4
Na5 67. Bf8 Nc4 68. Bg7 Kc6 69. Bf8 Kb5 70. Be7 Ka4 71. Kg5 d4 72. Kg6 d3 73.
Bg5 Kb3 74. Kf6 e5 75. Kf5 Kc2 76. Ke4 d2 77. Bxd2 Kxd2 78. Kd5 Kd3 0-1

[Event "Olimpiade 2014 - Open"]
[Site "Tromsø"]
[Date "12.08.2014"]
[Round "10.33"]
[Board "3"]
[White "Bersamina, Paulo"]
[Black "Cueto, Jonny"]
[Result "1-0"]
[WhiteTitle "FM"]
[BlackTitle "IM"]
[WhiteElo "2363"]
[BlackElo "2283"]
[WhiteTeam "Philippines"]
[BlackTeam "Bolivia"]
[WhiteFideId "5206995"]
[BlackFideId "3300145"]
[EventDate "2014.08.02"]

1. e4 g6 2. d4 Bg7 3. Nc3 c5 4. dxc5 Qa5 5. Bd2 Na6 6. Nb5 Qd8 7. Bc3 Nf6 8. Qd4
O-O 9. e5 Ne8 10. Nf3 Nec7 11. Nxc7 Qxc7 12. Bxa6 bxa6 13. O-O-O Rb8 14. a4 Rd8
15. h4 Bb7 16. h5 Bxf3 17. gxf3 Qc6 18. hxg6 hxg6 19. Rh3 d6 20. Rdh1 Qxc5 21.
Qh4 dxe5 22. f4 Rd4 23. Qh7+ Kf8 24. fxe5 Qxe5 25. Rd3 Qf4+ 26. Kb1 e5 27. Bxd4
exd4 28. Qh2 Qxh2 29. Rxh2 Rb4 30. Rb3 Rxb3 31. cxb3 Be5 32. Rh1 Ke7 33. Kc2 Ke6
34. Kd3 Kf5 35. Rc1 Kf4 36. Rc6 Kf3 37. Rxa6 Kxf2 38. Rxa7 f6 39. a5 g5 40. a6 1-0

[Event "Olimpiade 2014 - Open"]
[Site "Tromsø"]
[Date "12.08.2014"]
[Round "10.33"]
[Board "4"]
[White "Monroy G., Javier A."]
[Black "Gonzales, Jayson"]
[Result "0-1"]
[BlackTitle "GM"]
[WhiteElo "2150"]
[BlackElo "2405"]
[WhiteTeam "Bolivia"]
[BlackTeam "Philippines"]
[WhiteFideId "3302067"]
[BlackFideId "5201080"]
[EventDate "2014.08.02"]

1. Nf3 d5 2. d4 c6 3. g3 Nf6 4. Bg2 g6 5. O-O Bg7 6. h3 O-O 7. b3 Ne4 8. Bb2 a5
9. c4 a4 10. Na3 Be6 11. Ne5 Nd7 12. Nd3 Ndf6 13. c5 Qc8 14. g4 h5 15. f3 Ng5
16. h4 Ngh7 17. g5 Ne8 18. Nf4 Nc7 19. bxa4 Rd8 20. Qb3 Bf5 21. e4 Be6 22. Rad1
Nf8 23. e5 Bf5 24. Rde1 f6 25. gxf6 exf6 26. Nc2 fxe5 27. dxe5 Nce6 28. Nxe6
Nxe6 29. Ba3 d4 30. Bb2 Kh7 31. Qc4 d3 32. Ne3 d2 33. Rd1 Bd3 34. Qb4 Bf8 35.
Rf2 Bxc5 36. Qxd2 Bf5 37. Qe1 Bxe3 38. Rd6 Bxf2+ 39. Kxf2 Qc7 40. Qd2 Qa5 41.
Rd7+ Kg8 42. Qd1 Qb6+ 43. Kg3 Qxb2 0-1

[Event "Olimpiade 2014 - Open"]
[Site "Tromsø"]
[Date "12.08.2014"]
[Round "10.34"]
[Board "1"]
[White "McNab, Colin A"]
[Black "Nanjo, Ryosuke"]
[Result "0-1"]
[WhiteTitle "GM"]
[BlackTitle "CM"]
[WhiteElo "2441"]
[BlackElo "2344"]
[WhiteTeam "Scotland"]
[BlackTeam "Japan"]
[WhiteFideId "2400030"]
[BlackFideId "7000634"]
[EventDate "2014.08.02"]

1. c4 e5 2. Nc3 Bb4 3. Nd5 Bc5 4. Nf3 e4 5. Ng5 e3 6. d4 exf2+ 7. Kxf2 Be7 8.
Nf3 Nf6 9. Nxf6+ Bxf6 10. Bf4 d6 11. Qd2 Bg4 12. e3 Nd7 13. Bd3 O-O 14. Rhf1
Bxf3 15. gxf3 Re8 16. Rae1 c5 17. d5 Ne5 18. Re2 a6 19. Kg2 Qd7 20. Qc2 g6 21.
Bg3 b5 22. b3 Rab8 23. f4 bxc4 24. Bxc4 Nxc4 25. Qxc4 Qb5 26. Qxb5 axb5 27. e4
Bd4 28. Kf3 f5 29. e5 dxe5 30. fxe5 Rbd8 31. d6 Kf7 32. Bf4 Rd7 33. b4 cxb4 34.
Rd1 Bc3 35. Rd5 Ke6 36. Rxb5 Ra8 37. Be3 Ra3 38. Kg2 g5 39. Bc5 f4 40. Kf2 g4
41. Bxb4 Bd4+ 42. Ke1 Rd3 43. Re4 f3 44. Rf4 f2+ 45. Kf1 Rf7 46. Rxf7 Rd1+ 47.
Ke2 Kxf7 48. Rb7+ Kg6 0-1

[Event "Olimpiade 2014 - Open"]
[Site "Tromsø"]
[Date "12.08.2014"]
[Round "10.34"]
[Board "2"]
[White "Kojima, Shinya"]
[Black "Greet, Andrew N"]
[Result "1-0"]
[WhiteTitle "FM"]
[BlackTitle "IM"]
[WhiteElo "2373"]
[BlackElo "2431"]
[WhiteTeam "Japan"]
[BlackTeam "Scotland"]
[WhiteFideId "7000812"]
[BlackFideId "405817"]
[EventDate "2014.08.02"]

1. Nf3 d5 2. d4 Nf6 3. c4 c6 4. Nc3 a6 5. a4 e6 6. g3 dxc4 7. Bg2 c5 8. O-O cxd4
9. Nxd4 Bc5 10. Nc2 Nc6 11. Qxd8+ Kxd8 12. a5 Ke7 13. Be3 Bxe3 14. Nxe3 Bd7 15.
Nxc4 Rhd8 16. Rfc1 Be8 17. e3 Rab8 18. Na4 Nd5 19. Nc5 f6 20. Ra3 e5 21. h4 Bf7
22. Rd3 Ncb4 23. Rd2 Rbc8 24. Nxb7 Rd7 25. e4 Nb6 26. Rxd7+ Nxd7 27. Nbd6 Rc6
28. Nxf7 Kxf7 29. Bf1 Ke7 30. Rc3 Nc5 31. Ne3 Kd8 32. Rc4 1-0

[Event "Olimpiade 2014 - Open"]
[Site "Tromsø"]
[Date "12.08.2014"]
[Round "10.34"]
[Board "3"]
[White "Shaw, John"]
[Black "Watanabe, Akira"]
[Result "1-0"]
[WhiteTitle "GM"]
[BlackTitle "FM"]
[WhiteElo "2419"]
[BlackElo "2252"]
[WhiteTeam "Scotland"]
[BlackTeam "Japan"]
[WhiteFideId "2400553"]
[BlackFideId "7000227"]
[EventDate "2014.08.02"]

1. e4 c5 2. Nf3 d6 3. Bb5+ Bd7 4. Bxd7+ Qxd7 5. c4 Nf6 6. Nc3 Nc6 7. d4 cxd4 8.
Nxd4 g6 9. b3 Bg7 10. Bb2 O-O 11. O-O Nxd4 12. Qxd4 Ng4 13. Qd2 Rfe8 14. Rad1
Qc6 15. Rfe1 a6 16. Nd5 Bxb2 17. Qxb2 e6 18. Nb4 Qc7 19. h3 Ne5 20. Nc2 b5 21.
f4 Nc6 22. Ne3 bxc4 23. Ng4 Reb8 24. Nf6+ Kf8 25. Nxh7+ Ke7 26. Qf6+ Ke8 27.
bxc4 Qe7 28. Qc3 Qh4 29. Nf6+ Ke7 30. e5 dxe5 31. fxe5 Ra7 32. Qd3 Kf8 33. Qd6+
Kg7 34. Qxc6 Rb2 35. Qf3 Rab7 36. Ne8+ Kg8 37. Nd6 Rc7 38. Re2 Rxe2 39. Qxe2 Qg3
40. Rd3 1-0

[Event "Olimpiade 2014 - Open"]
[Site "Tromsø"]
[Date "12.08.2014"]
[Round "10.34"]
[Board "4"]
[White "Mitsuya, Naoto"]
[Black "Tate, Alan"]
[Result "0-1"]
[BlackTitle "FM"]
[WhiteElo "2024"]
[BlackElo "2347"]
[WhiteTeam "Japan"]
[BlackTeam "Scotland"]
[WhiteFideId "7001886"]
[BlackFideId "2401878"]
[EventDate "2014.08.02"]

1. d4 Nf6 2. c4 e6 3. Nc3 Bb4 4. e3 b6 5. Ne2 Ba6 6. Ng3 O-O 7. a3 Bxc3+ 8. bxc3
d5 9. cxd5 Bxf1 10. Nxf1 exd5 11. Nd2 c5 12. O-O Nc6 13. a4 Qc7 14. Ba3 Na5 15.
Rc1 Rfe8 16. Re1 Rad8 17. h3 Ne4 18. Nxe4 dxe4 19. Qe2 c4 20. Bb4 Nb3 21. Rc2 a5
22. Ba3 Qc6 23. Ra2 Rd5 24. Bc1 Rf5 25. Bd2 Re6 26. Kh1 Rg6 27. Rf1 Rfg5 28. Rg1
Qd5 29. g3 f5 30. Kh2 h5 31. h4 Rg4 32. Rb2 Kh7 33. Rg2 Qc6 34. Ra2 Qc7 35. Kg1
Qc6 36. Kh2 Rh6 37. Kg1 g5 38. Rh2 gxh4 39. Rxh4 Rxh4 40. gxh4 Rg6+ 41. Kf1 Rg4
42. f4 exf3 43. Qh2 Qe4 44. Rb2 Qd3+ 45. Ke1 Rg1+ 0-1

[Event "Olimpiade 2014 - Open"]
[Site "Tromsø"]
[Date "12.08.2014"]
[Round "10.35"]
[Board "1"]
[White "Kigigha, Bomo"]
[Black "Dervishi, Erald"]
[Result "1/2-1/2"]
[WhiteTitle "CM"]
[BlackTitle "GM"]
[WhiteElo "2197"]
[BlackElo "2581"]
[WhiteTeam "Nigeria"]
[BlackTeam "Albania"]
[WhiteFideId "8500037"]
[BlackFideId "4700236"]
[EventDate "2014.08.02"]

1. c4 e6 2. Nf3 d5 3. g3 Nf6 4. Bg2 Be7 5. O-O O-O 6. Qc2 c5 7. cxd5 Nxd5 8. Nc3
Nc6 9. d3 b6 10. Nxd5 exd5 11. d4 Nxd4 12. Nxd4 cxd4 13. Rd1 Bf6 14. e3 Bg4 15.
f3 Rc8 16. Qf2 dxe3 17. Bxe3 Bf5 18. Rd2 Qe7 19. Re1 Qb4 20. g4 Be6 21. a3 Qe7
22. Red1 Rfe8 23. Bd4 Bh4 24. Qf1 Qd6 25. Bf2 Bg5 26. Bg3 Qc5+ 27. Bf2 Qc4 28.
Rd4 Qc7 29. Qb5 Bf4 30. h3 g5 31. Qa4 Qc6 32. Rxf4 gxf4 33. Qxf4 Qc2 34. Rd2 Qg6
35. Bd4 h6 36. Bf1 Qg5 37. Qxg5+ hxg5 38. Bf6 Rc1 39. Kf2 Rec8 40. Bd3 Rh1 41.
Bxg5 Rcc1 42. h4 d4 43. Be2 Bc4 44. Rxd4 Bxe2 45. Bxc1 Bxf3 46. Bg5 Rd1 47. Rc4
Bd5 48. Ra4 a5 49. Be3 Rb1 50. Rd4 Rxb2+ 51. Rd2 Rxd2+ 1/2-1/2

[Event "Olimpiade 2014 - Open"]
[Site "Tromsø"]
[Date "12.08.2014"]
[Round "10.35"]
[Board "2"]
[White "Mehmeti, Dritan"]
[Black "Ajibowo, Olamide Patrick"]
[Result "1-0"]
[WhiteTitle "IM"]
[BlackTitle "FM"]
[WhiteElo "2416"]
[BlackElo "2168"]
[WhiteTeam "Albania"]
[BlackTeam "Nigeria"]
[WhiteFideId "4700600"]
[BlackFideId "8500444"]
[EventDate "2014.08.02"]

1. d4 h6 2. e4 c5 3. Nf3 cxd4 4. Nxd4 Nf6 5. Nc3 d6 6. f4 e6 7. Be2 Be7 8. O-O
O-O 9. Kh1 a6 10. Bf3 e5 11. Nf5 Be6 12. Qe1 Nc6 13. Qg3 Bxf5 14. exf5 Kh8 15.
Bxc6 bxc6 16. fxe5 dxe5 17. Qxe5 Bd6 18. Qe2 Qc7 19. h3 Rfe8 20. Qf3 Rab8 21. b3
Qa5 22. Bd2 Qc5 23. Rae1 Be5 24. Re2 Bxc3 25. Rxe8+ Rxe8 26. Qxc3 Qd5 27. Qd3
Qxd3 28. cxd3 Re2 29. Rd1 Rf2 30. Kg1 Rxf5 31. Rc1 c5 32. Be3 Nd7 33. d4 cxd4
34. Bxd4 Rd5 35. Rc4 f5 36. Kf2 Kg8 37. Ke3 Kf7 38. Rc6 Nb8 39. Rb6 Rb5 40. Rd6
Rb4 41. Kd3 Rb7 42. Kc4 Rc7+ 43. Kd5 Rb7 44. Rb6 Rd7+ 45. Ke5 Rd8 46. Rb7+ Kg6
47. Bc3 Rc8 48. Kd4 Rd8+ 49. Kc4 Nd7 50. Kb4 Nf6 51. Ka5 Rc8 52. Bd4 Rc2 53. a4
Rxg2 54. Kxa6 f4 55. Rc7 f3 56. Rc3 Rd2 57. Ba7 f2 58. Rf3 Ne4 59. b4 Rd3 60.
Rxf2 Nxf2 61. Bxf2 Kf7 62. b5 Ke7 63. b6 Kd7 64. b7 Kc7 65. Bb6+ 1-0